00703nam a22002052a 450000100060000000300080000600500170001400800410003103500520007204000320012404100080015608200300016410000400019424500760023426000440031030000540035450400200040860000350042865000340046325883BD-RjUL20211209050936.0140319s1965 - f 000 0 eng d aOCLC ocm10504599 from D951207Ma(BD-RjUL) 25953 aAAMcAAMdUKMdBD-RjULbeng aeng a954.040924218bJAR 19651 aJain, A. P.q(Ajit Pershad),d1933-10aRafi Ahmad Kidwai :ba memoir of his life and times /cAjit Prasad Jain aLondon :bAsia Publishing House,c1965. aix, 130 p., [9] leaves of plates :bill. ;c23 cm aIncludes index.10aKidwai, Rafi Ahmad,d1894-1954 aKidwai, Rafi Ahmad, 1894-1954